Statistics for 中国名山地图 China famous mountains map

Click here to take the quiz!

General Stats

  • This quiz has been taken 200 times
  • The average score is 14 of 21

Answers on the Map

Answers color-coded by a green-red scale on the quiz's map according to % correct below.
 

Answer Stats

类型名山% Correct
五岳泰山
98%
五岳华山
95%
五岳恒山
94%
五岳衡山
93%
五岳嵩山
93%
世界遗产黄山
83%
世界遗产天山
77%
佛教名山峨眉山
77%
佛教名山五台山
76%
佛教名山普陀山
73%
世界遗产武夷山
71%
道教名山青城山
64%
道教名山武当山
62%
世界遗产庐山
62%
佛教名山九华山
56%
世界遗产三清山
44%
道教名山龙虎山
40%
佛教名山梵净山
37%
道教名山崆峒山
29%
道教名山齐云山
19%
佛教名山雪窦山
17%

Score Distribution

Percentile by Number Answered

Percent of People with Each Score

Your Score History

You have not taken this quiz